<?xml version="1.0" encoding="UTF-8"?>
<record
    xmlns:xsi="http://www.w3.org/2001/XMLSchema-instance"
    xsi:schemaLocation="http://www.loc.gov/MARC21/slim http://www.loc.gov/standards/marcxml/schema/MARC21slim.xsd"
    xmlns="http://www.loc.gov/MARC21/slim">

  <leader>00719    a2200193   4500</leader>
  <controlfield tag="000">BKB                 </controlfield>
  <controlfield tag="001">144833</controlfield>
  <controlfield tag="005">20200902170442.0</controlfield>
  <controlfield tag="008">                                        </controlfield>
  <datafield tag="020" ind1=" " ind2=" ">
    <subfield code="a">9789382419235</subfield>
  </datafield>
  <datafield tag="082" ind1=" " ind2=" ">
    <subfield code="a">954.035092</subfield>
    <subfield code="b">B65S</subfield>
  </datafield>
  <datafield tag="100" ind1="1" ind2=" ">
    <subfield code="a">&#x92C;&#x949;&#x938;, &#x938;&#x941;&#x92D;&#x93E;&#x937; &#x91A;&#x928;&#x94D;&#x926;&#x94D;&#x930;</subfield>
  </datafield>
  <datafield tag="245" ind1="1" ind2=" ">
    <subfield code="a">&#x938;&#x941;&#x92D;&#x93E;&#x937; &#x91A;&#x928;&#x94D;&#x926;&#x94D;&#x930; &#x92C;&#x949;&#x938; &#x915;&#x940; &#x906;&#x924;&#x94D;&#x92E;&#x915;&#x925;&#x93E;: &#x90F;&#x915; &#x92D;&#x93E;&#x930;&#x93F;&#x924;&#x940;&#x92F; &#x924;&#x940;&#x930;&#x94D;&#x925;&#x92F;&#x93E;&#x924;&#x94D;&#x930;&#x940;</subfield>
    <subfield code="c">&#x938;&#x941;&#x92D;&#x93E;&#x937; &#x91A;&#x928;&#x94D;&#x926;&#x94D;&#x930; &#x92C;&#x949;&#x938;</subfield>
  </datafield>
  <datafield tag="260" ind1=" " ind2=" ">
    <subfield code="a">&#x92D;&#x94B;&#x92A;&#x93E;&#x932;</subfield>
    <subfield code="b">&#x92C;&#x947;&#x928;&#x94D;&#x924;&#x947;&#x902;&#x928; &#x92C;&#x941;&#x915;&#x94D;&#x938;</subfield>
    <subfield code="c">2013</subfield>
  </datafield>
  <datafield tag="300" ind1=" " ind2=" ">
    <subfield code="a">192p.</subfield>
  </datafield>
  <datafield tag="630" ind1=" " ind2=" ">
    <subfield code="a">History of India</subfield>
  </datafield>
  <datafield tag="690" ind1=" " ind2=" ">
    <subfield code="a">Nationalists; India</subfield>
  </datafield>
  <datafield tag="964" ind1=" " ind2=" ">
    <subfield code="a"></subfield>
    <subfield code="b">Hindi</subfield>
    <subfield code="c"></subfield>
    <subfield code="d"></subfield>
    <subfield code="e"></subfield>
    <subfield code="f"></subfield>
    <subfield code="g"></subfield>
  </datafield>
  <datafield tag="999" ind1=" " ind2=" ">
    <subfield code="c">22610</subfield>
    <subfield code="d">22610</subfield>
  </datafield>
  <datafield tag="952" ind1=" " ind2=" ">
    <subfield code="0">0</subfield>
    <subfield code="1">0</subfield>
    <subfield code="4">0</subfield>
    <subfield code="7">0</subfield>
    <subfield code="a">CURAJ</subfield>
    <subfield code="b">CURAJ</subfield>
    <subfield code="d">2014-05-19</subfield>
    <subfield code="g">0.00</subfield>
    <subfield code="l">10</subfield>
    <subfield code="o">954.035092 B65S</subfield>
    <subfield code="p">19002</subfield>
    <subfield code="r">2026-03-26</subfield>
    <subfield code="s">2026-03-06</subfield>
    <subfield code="w">2020-09-02</subfield>
    <subfield code="y">BK</subfield>
  </datafield>
</record>
